Reich para principiantes (Registo nº 858)

Detalhes MARC
000 -Etiqueta do registo
Cabeçalho 00606 m a2200241 4500
005 - Identificador da versão
Campo de controlo 20240813121817.0
021 ## - Número do Depósito Legal
Código do país PT
Número 16 255/87
035 ## - Other System Control Numbers
System Control Number 0000925
System Control Number 0000918
System Control Number 0000905
100 ## - Dados gerais de processamento
Dados gerais de processamento 20081022 u y0pory5003 ba
102 ## - Pais de publicação ou produção
País de publicação Portugal
101 1# - Língua de publicação
Língua do texto, banda sonora, etc. Português
Língua do documento no original Inglês
215 ## - Descrição física 
Indicação específica da natureza do documento e extensão da espécie 187
Outras indicações físicas il.
200 1# - Titulo e menção de responsabilidade
Título próprio Reich para principiantes
Primeira menção de responsabilidade David Z. Mairowitz
Outras menções de responsabilidade German Gonzales
225 2# - Colecção 
Título próprio da colecção Para Principiantes
Indicação de volume 15
205 ## - Menção da edição
Menção da edição 1ª edição
210 ## - Publicação, Distribuição, etc. 
Lugar da edição, distribuição, etc. Lisboa
Nome do editor, distribuidor, etc. Publicações Dom Quixote
Data da publicação, distribuição, etc. 1987
966 ## - Identificação da Biblioteca
Sigla NUMETECA
942 ## - Elementos de entrada adicionados (Koha)
Tipo de item no Koha Livro
Exemplares
Situação do levantamento Origin of item (home branch) (coded) Biblioteca de empréstimo Código de barras Cota Circulation type (not for loan) Tipo de documento Nota do exemplar Damaged status
  Biblioteca Escolar Eng. Nuno Mergulhão Biblioteca Escolar Eng. Nuno Mergulhão BENM1555 6SEX MAI   Livro Sem mensagem